| 000 | 00370nam a2200133Ia 4500 | ||
|---|---|---|---|
| 008 | 231129s9999||||xx |||||||||||||| ||spa|| | ||
| 020 | _a958-06-0173-9 | ||
| 040 | _bspa | ||
| 082 | _a324.24104 P291p | ||
| 100 | _aPastrana Borrero Misael | ||
| 245 | 0 | _aEl partido Social Conservador | |
| 264 | _aLa Oveja Negra | ||
| 942 |
_2ddc _cBKS |
||
| 999 |
_c12004 _d12004 |
||